Residencia en la tierra

Сохранить в:
Библиографические подробности
Главный автор: Neruda, Pablo
Формат:
Язык:Undetermined
Опубликовано: Colombia Oveja Negra 1984
Редактирование:2
Предметы:
Метки: Добавить метку
Нет меток, Требуется 1-ая метка записи!

MARC

LEADER 00000nam a2200000Ia 4500
008 170316s9999 xx 000 0 und d
040 |a cru BVZT 
090 |a 860 N-5r 
100 |a Neruda, Pablo 
245 |a Residencia en la tierra 
250 |a 2 
260 |a Colombia 
260 |b Oveja Negra 
260 |c 1984 
300 |a 125 páginas 
650 |a LITERATURA LATINOAMERICANA 
999 |c 9013  |d 9013 
942 |c 15 D  |h 860 N-5r  |2 z